000 00287nam a22001217a 4500
008 170607b xxu||||| |||| 00| 0 eng d
041 _aeng
080 _a94
100 _a18
101 _aSHH
245 _aREADINGS IN RUSSIAN POLITICAL AND DIPLOMATIC
_cSENA.A.E
942 _2udc
_cBK
999 _c16272
_d16272